<?xml version="1.0" encoding="UTF-8"?>
<record
    xmlns:xsi="http://www.w3.org/2001/XMLSchema-instance"
    xsi:schemaLocation="http://www.loc.gov/MARC21/slim http://www.loc.gov/standards/marcxml/schema/MARC21slim.xsd"
    xmlns="http://www.loc.gov/MARC21/slim">

  <leader>01077nam a2200253 i 4500</leader>
  <controlfield tag="001">80705</controlfield>
  <controlfield tag="003">BD-RjUL</controlfield>
  <controlfield tag="005">20221103124420.0</controlfield>
  <controlfield tag="008">221103s1976    pk            ||| | ara d</controlfield>
  <datafield tag="035" ind1=" " ind2=" ">
    <subfield code="a">(BD-RjUL)80705</subfield>
  </datafield>
  <datafield tag="040" ind1=" " ind2=" ">
    <subfield code="a">UkOxU</subfield>
    <subfield code="b">eng</subfield>
    <subfield code="e">rda</subfield>
    <subfield code="c">UkOxU</subfield>
  </datafield>
  <datafield tag="041" ind1=" " ind2=" ">
    <subfield code="a">ara</subfield>
  </datafield>
  <datafield tag="082" ind1=" " ind2=" ">
    <subfield code="2">23</subfield>
    <subfield code="a">340.59</subfield>
    <subfield code="b">LAS 1976</subfield>
  </datafield>
  <datafield tag="100" ind1="0" ind2=" ">
    <subfield code="a">&#x644;&#x643;&#x646;&#x648;&#x64A;,  &#x623;&#x628;&#x648; &#x627;&#x644;&#x62D;&#x633;&#x646;&#x627;&#x62A; &#x645;&#x62D;&#x645;&#x62F; &#x639;&#x628;&#x62F; &#x627;&#x644;&#x62D;&#x64A;  Laknaw&#x12B;,  #  Ab&#x12B; al-&#x1E24;asan&#x101;t Mu&#x1E25;ammad Abd al-&#x1E24;ay al-.</subfield>
    <subfield code="d">1848-1886 or 1887,</subfield>
    <subfield code="e">author.</subfield>
    <subfield code="9">5695</subfield>
  </datafield>
  <datafield tag="245" ind1="1" ind2="4">
    <subfield code="a">&#x627;&#x644;&#x633;&#x639;&#x627;&#x64A;&#x629; &#x641;&#x64A; &#x643;&#x634;&#x641; &#x645;&#x627;&#x641;&#x64A; &#x634;&#x631;&#x62D; &#x627;&#x644;&#x648;&#x642;&#x627;&#x64A;&#x629; /   al-Si&#x2BB;&#x101;yah f&#x12B; kashf m&#x101; f&#x12B; shar&#x1E25; al-wiq&#x101;yah /</subfield>
    <subfield code="c">&#x623;&#x628;&#x64A; &#x627;&#x644;&#x62D;&#x633;&#x646;&#x627;&#x62A; &#x645;&#x62D;&#x645;&#x62F; &#x639;&#x628;&#x62F; &#x627;&#x644;&#x62D;&#x64A; &#x627;&#x644;&#x644;&#x643;&#x646;&#x648;&#x64A;. #   Ab&#x12B; al-&#x1E24;asan&#x101;t Mu&#x1E25;ammad Abd al-&#x1E24;ay al-Laknaw&#x12B;.</subfield>
  </datafield>
  <datafield tag="250" ind1=" " ind2=" ">
    <subfield code="a">2nd.ed.</subfield>
  </datafield>
  <datafield tag="264" ind1=" " ind2="1">
    <subfield code="a">&#x644;&#x627;&#x647;&#x648;&#x631;, &#x628;&#x627;&#x643;&#x633;&#x62A;&#x627;&#x646; :  L&#x101;h&#x16B;r, B&#x101;kist&#x101;n :</subfield>
    <subfield code="b">&#x633;&#x647;&#x64A;&#x644; &#x627;&#x643;&#x627;&#x62F;&#x64A;&#x645;&#x64A;,  Suh&#x12B;l Ak&#x12B;d&#x12B;m&#x12B;,</subfield>
    <subfield code="c">1987.</subfield>
  </datafield>
  <datafield tag="300" ind1=" " ind2=" ">
    <subfield code="a">2 volumes in one ;</subfield>
    <subfield code="c">29 cm</subfield>
  </datafield>
  <datafield tag="338" ind1=" " ind2=" ">
    <subfield code="a">volume</subfield>
    <subfield code="2">rdacarrier</subfield>
  </datafield>
  <datafield tag="500" ind1=" " ind2=" ">
    <subfield code="a">Added title page in English.</subfield>
  </datafield>
  <datafield tag="650" ind1=" " ind2="0">
    <subfield code="a">Islamic law.</subfield>
  </datafield>
  <datafield tag="650" ind1=" " ind2="0">
    <subfield code="a">Hanafites</subfield>
  </datafield>
  <datafield tag="942" ind1=" " ind2=" ">
    <subfield code="2">ddc</subfield>
    <subfield code="c">BK</subfield>
  </datafield>
  <datafield tag="999" ind1=" " ind2=" ">
    <subfield code="c">80705</subfield>
    <subfield code="d">80705</subfield>
  </datafield>
  <datafield tag="952" ind1=" " ind2=" ">
    <subfield code="0">0</subfield>
    <subfield code="1">0</subfield>
    <subfield code="2">ddc</subfield>
    <subfield code="4">0</subfield>
    <subfield code="7">1</subfield>
    <subfield code="8">NFIC</subfield>
    <subfield code="a">RUCL</subfield>
    <subfield code="b">RUCL</subfield>
    <subfield code="c">Reading</subfield>
    <subfield code="d">1996-06-16</subfield>
    <subfield code="e">Sawdia Kutub Khanah, Dhaka</subfield>
    <subfield code="g">680.00</subfield>
    <subfield code="l">0</subfield>
    <subfield code="o">A 340.59 LAS V-1-2 1976</subfield>
    <subfield code="r">2022-11-03 00:00:00</subfield>
    <subfield code="t">C-1</subfield>
    <subfield code="w">2022-11-03</subfield>
    <subfield code="y">BK</subfield>
  </datafield>
</record>
